00486nam a22001337a 4500020001600000082001000016100001800026245011000044260003500154300003100189650003300220700004200253856005700295 qHard Cover. a621.3 aAIJAZ, NADEEM aDevelopment and Implementation of Marine Efficient Cryptographic OTH Communication Setup /cNADEEM AIJAZ  aKarachi :bPNEC - NUST,c2013. avii. 55 p. : ill. ;c30cm. aMS-. Electrical Engineering  aSupervisor. Syed Sajjad Haider Zaidi. uhttp://10.250.8.41:8080/xmlui/handle/123456789/22110